Reactor dosimetry in the 21st century : proceedings of the 11th International Symposium on Reactor Dosimetry : Brussels, Belgium, 18-23 August 2002

This book presents the state of the art in reactor dosimetry as applied to nuclear power plants and to high performance research reactors, accelerator-driven systems and spallation sources. The reader will also find the latest advances in computer code development for radiation transport and shieldi...

Ful tanımlama

Kaydedildi:
Detaylı Bibliyografya
Materyal Türü: Kitap
Dil:Undetermined
Baskı/Yayın Bilgisi: River Edge, N.J. World Scientific 2003
Konular:
Etiketler: Etiketle
Etiket eklenmemiş, İlk siz ekleyin!
Thư viện lưu trữ: Trung tâm Học liệu Trường Đại học Cần Thơ
LEADER 01207nam a2200217Ia 4500
001 CTU_156843
008 210402s9999 xx 000 0 und d
020 |c 124 
082 |a 621.4833 
082 |b I.61/2003 
245 0 |a Reactor dosimetry in the 21st century : 
245 0 |b proceedings of the 11th International Symposium on Reactor Dosimetry : Brussels, Belgium, 18-23 August 2002 
245 0 |c editors, Jan Wagemans ... [et al.]. 
260 |a River Edge, N.J. 
260 |b World Scientific 
260 |c 2003 
520 |a This book presents the state of the art in reactor dosimetry as applied to nuclear power plants and to high performance research reactors, accelerator-driven systems and spallation sources. The reader will also find the latest advances in computer code development for radiation transport and shielding. In addition, the book focuses on radiation measurement techniques. 
650 |a Nuclear reactors,Radiation dosimetry,Lò phản ứng hạt nhân,Liều lượng phóng xạ 
650 |x Materials,Effect of radiation on,Vật liệu,Ảnh hưởng của phóng xạ 
904 |i Năm 
980 |a Trung tâm Học liệu Trường Đại học Cần Thơ